Central Library OPAC University of Rajshahi

Aspects of eighteenth century nature poetry / (Record no. 19708)

MARC details
000 -LEADER
fixed length control field 00767nam a2200265 4500
001 - CONTROL NUMBER
control field 19708
003 - CONTROL NUMBER IDENTIFIER
rucl marc code BD-RjUL
005 - DATE AND TIME OF LATEST TRANSACTION
control field 20211209000451.0
008 - FIXED-LENGTH DATA ELEMENTS--GENERAL INFORMATION
fixed length control field 140225r19671935enk 000 p eng
035 ## - SYSTEM CONTROL NUMBER
System control number (BD-RjUL)19769
040 ## - CATALOGING SOURCE
Original cataloging agency DLC
Transcribing agency DLC
Modifying agency DLC
-- BD-RjUL
Language of cataloging eng
041 ## - LANGUAGE CODE
Language code of text/sound track or separate title eng
082 00 - DEWEY DECIMAL CLASSIFICATION NUMBER
Classification number 821.5093
Author mark and year DEA 1967
100 1# - MAIN ENTRY--PERSONAL NAME
Personal name Deane, Cecil Victor.
9 (RLIN) 59862
245 10 - TITLE STATEMENT
Title Aspects of eighteenth century nature poetry /
Statement of responsibility, etc. C. V. Deane.
250 ## - EDITION STATEMENT
Edition statement 1st ed., new impression.
260 ## - PUBLICATION, DISTRIBUTION, ETC. (IMPRINT)
Place of publication, distribution, etc. London :
Name of publisher, distributor, etc. Cass,
Date of publication, distribution, etc. 1967.
300 ## - PHYSICAL DESCRIPTION
Pagination [9], 145 p. ;
Size 22 cm.
350 ## - PRICE (NR) (BK AM CF MU VM SE) [OBSOLETE]
Price 35/-
650 #0 - SUBJECT ADDED ENTRY--TOPICAL TERM
Topical term or geographic name as entry element Nature in literature.
9 (RLIN) 53907
Topical term or geographic name as entry element English poetry
Chronological subdivision 18th century
General subdivision History and criticism.
9 (RLIN) 52039
942 ## - ADDED ENTRY ELEMENTS (KOHA)
Source of classification or shelving scheme Dewey Decimal Classification
Koha item type Books
Holdings
Lost status Source of classification or shelving scheme Damaged status Not for loan Collection code Permanent Location Current Location Shelving location Date acquired Source of acquisition Cost, normal purchase price Total Checkouts Full call number Date last seen Copy number Koha item type
  Dewey Decimal Classification   Not For Loan Fiction Central Library, University of Rajshahi Central Library, University of Rajshahi Reading Room 19/12/1975 Jonathan ware & co. 2.25   821.5093 DEA 1967 25/02/2014 C-1 Books